[Event "Festuge Mester 1"]
[Site "Aarhus"]
[Date "1998.09.12"]
[Round "6"]
[White "Andersen, Frank"]
[Black "Matthiesen, Arne"]
[Result "1/2-1/2"]
[WhiteElo "2205"]
[BlackElo "2290"]
[PlyCount "74"]
[EventDate "1998.09.??"]
[EventType "tourn"]
[EventRounds "7"]
[EventCountry "DEN"]
[SourceTitle "EXT 2000"]
[Source "ChessBase"]
[SourceDate "1999.11.16"]

1. g3 d5 2. Bg2 Nf6 3. d3 c6 4. Nf3 Bg4 5. Nbd2 Nbd7 6. O-O e6 7. e4 Ne5 8. h3
Nxf3+ 9. Nxf3 Bh5 10. e5 Nd7 11. g4 Bg6 12. Qe2 h5 13. g5 Be7 14. Qe3 Qb6 15.
Re1 Bc5 16. d4 Be7 17. c3 c5 18. Nh4 cxd4 19. cxd4 Bc2 20. Bd2 Nf8 21. Qc3 Ng6
22. Nf3 Be4 23. Rec1 Qd8 24. Qc7 Rb8 25. a3 Qxc7 26. Rxc7 Bd8 27. Rc3 Bb6 28.
Be3 Kd7 29. Kh2 Ne7 30. Nh4 Bxg2 31. Kxg2 Nc6 32. Nf3 g6 33. Kf1 Rbc8 34. Rac1
Na5 35. Rxc8 Rxc8 36. Rxc8 Kxc8 37. Ke2 Nc4 1/2-1/2

[Event "Festuge Mester 1"]
[Site "Aarhus"]
[Date "1998.09.04"]
[Round "2"]
[White "Andersen, Frank"]
[Black "Skytte, Rasmus"]
[Result "1/2-1/2"]
[WhiteElo "2205"]
[BlackElo "2215"]
[PlyCount "44"]
[EventDate "1998.09.??"]
[EventType "tourn"]
[EventRounds "7"]
[EventCountry "DEN"]
[SourceTitle "EXT 2000"]
[Source "ChessBase"]
[SourceDate "1999.11.16"]

1. d4 Nf6 2. Nf3 c5 3. d5 d6 4. c4 b5 5. Qc2 bxc4 6. e4 g6 7. Bxc4 Bg7 8. O-O
O-O 9. Bg5 Nbd7 10. h3 Rb8 11. Nbd2 h6 12. Be3 Nb6 13. Rfd1 Nxc4 14. Nxc4 Nd7
15. Rab1 Ba6 16. Nfd2 Nb6 17. Nxb6 Rxb6 18. a3 Rb7 19. b4 cxb4 20. axb4 Bb5 21.
Rdc1 a5 22. bxa5 Qxa5 1/2-1/2

[Event "Festuge Mester 1"]
[Site "Aarhus"]
[Date "1998.09.11"]
[Round "5"]
[White "Hansen, Bjarne"]
[Black "Andersen, Frank"]
[Result "0-1"]
[WhiteElo "2210"]
[BlackElo "2205"]
[PlyCount "80"]
[EventDate "1998.09.??"]
[EventType "tourn"]
[EventRounds "7"]
[EventCountry "DEN"]
[SourceTitle "EXT 2000"]
[Source "ChessBase"]
[SourceDate "1999.11.16"]

1. d4 g6 2. e4 Bg7 3. Nc3 d6 4. Be3 c6 5. Qd2 b5 6. a4 b4 7. Nd1 a5 8. f3 f5 9.
exf5 gxf5 10. Bc4 Nd7 11. Nh3 Nb6 12. Bb3 Nd5 13. Bf2 Bh6 14. Qe2 Ngf6 15. Bh4
O-O 16. Ne3 e6 17. Nc4 Kh8 18. O-O Ra7 19. Rfe1 Rg7 20. Kh1 Qc7 21. Qd3 Nh5 22.
g3 Rg6 23. Re2 Ba6 24. Rae1 Ng7 25. g4 fxg4 26. fxg4 Rxg4 27. Re4 Rg6 28. Rf1
Nf5 29. Qd1 Bxc4 30. Bxc4 Nde3 31. Rxe3 Bxe3 32. Bd3 c5 33. d5 Qb7 34. Be4 Rfg8
35. Be1 Bd4 36. Bf2 Bxf2 37. Rxf2 Ne3 38. Qe1 Nxd5 39. Bxg6 Rxg6 40. Qe4 Qg7
0-1

[Event "Festuge Mester 1"]
[Site "Aarhus"]
[Date "1998.09.12"]
[Round "6"]
[White "Hansen, Bjarne"]
[Black "Matthiesen, Martin"]
[Result "1/2-1/2"]
[WhiteElo "2210"]
[BlackElo "2275"]
[PlyCount "74"]
[EventDate "1998.09.??"]
[EventType "tourn"]
[EventRounds "7"]
[EventCountry "DEN"]
[SourceTitle "EXT 2000"]
[Source "ChessBase"]
[SourceDate "1999.11.16"]

1. d4 Nf6 2. Nf3 e6 3. Bg5 Be7 4. c4 b6 5. Nc3 Bb7 6. e3 O-O 7. Qc2 c5 8. O-O-O
cxd4 9. Rxd4 Nc6 10. Rd2 Rc8 11. Be2 Na5 12. Nb5 Be4 13. Qa4 Bc6 14. Nfd4 a6
15. Bxf6 Bxf6 16. Nxc6 axb5 17. Qxa5 bxa5 18. Nxd8 Rfxd8 19. Rc2 b4 20. Rd1 Kf8
21. Kb1 a4 22. Rcd2 Ke7 23. Rc1 Be5 24. f4 Bd6 25. Rd3 Rc7 26. Rcd1 Bc5 27. e4
d6 28. e5 Rcd7 29. exd6+ Rxd6 30. Rxd6 Rxd6 31. Rxd6 Kxd6 32. Bd1 a3 33. bxa3
bxa3 34. Kc2 f5 35. Kd3 Bg1 36. h3 Kc5 37. Bb3 g6 1/2-1/2

[Event "Festuge Mester 1"]
[Site "Aarhus"]
[Date "1998.09.05"]
[Round "3"]
[White "Hansen, Bjarne"]
[Black "Rossen, Claus"]
[Result "0-1"]
[WhiteElo "2210"]
[BlackElo "2170"]
[PlyCount "74"]
[EventDate "1998.09.??"]
[EventType "tourn"]
[EventRounds "7"]
[EventCountry "DEN"]
[SourceTitle "EXT 2000"]
[Source "ChessBase"]
[SourceDate "1999.11.16"]

1. d4 d6 2. Bf4 g6 3. Nf3 Bg7 4. e3 Nd7 5. h3 Ngf6 6. Be2 O-O 7. O-O Nh5 8. Bh2
e5 9. g4 Nhf6 10. dxe5 dxe5 11. Nxe5 Ne4 12. Nd3 Qh4 13. Bxc7 Qxh3 14. Bf3 Ndf6
15. Bg2 Qh6 16. Bf4 g5 17. Be5 Nxg4 18. Bc7 Nd6 19. Re1 Re8 20. Nd2 Bd7 21. Qf3
Rac8 22. Bxd6 Qxd6 23. Rac1 h5 24. Ne4 Qh2+ 25. Kf1 Rxe4 26. Qxe4 Bc6 27. Qf5
Qxg2+ 28. Ke2 Re8 29. Kd2 Ne5 30. Nxe5 Rxe5 31. Qc8+ Kh7 32. Rf1 Rd5+ 33. Ke2
Bd7 34. Qb8 Bxb2 35. c4 Bg4+ 36. Ke1 Bc3+ 37. Rxc3 Rd1# 0-1

[Event "Festuge Mester 1"]
[Site "Aarhus"]
[Date "1998.09.03"]
[Round "1"]
[White "Hansen, Bjarne"]
[Black "Jensen, Vagn"]
[Result "1-0"]
[WhiteElo "2210"]
[BlackElo "2270"]
[PlyCount "49"]
[EventDate "1998.09.??"]
[EventType "tourn"]
[EventRounds "7"]
[EventCountry "DEN"]
[SourceTitle "EXT 2000"]
[Source "ChessBase"]
[SourceDate "1999.11.16"]

1. d4 f5 2. h3 d5 3. g4 Nc6 4. Nf3 Qd6 5. g5 e5 6. dxe5 Nxe5 7. Bg2 Nxf3+ 8.
Bxf3 Be6 9. Qd4 Ne7 10. Bf4 Nc6 11. Qa4 Qd7 12. Nc3 Bb4 13. O-O-O Bxc3 14. bxc3
O-O-O 15. c4 Qf7 16. Rd2 Rd7 17. c3 g6 18. Rb2 a6 19. Kc2 Nb8 20. Rhb1 b6 21.
Bxc7 Rxc7 22. Rxb6 Nd7 23. Qxa6+ Kd8 24. Rxe6 Nc5 25. Qa8+ 1-0

[Event "Festuge Mester 1"]
[Site "Aarhus"]
[Date "1998.09.05"]
[Round "3"]
[White "Hoiberg, Nina"]
[Black "Andersen, Frank"]
[Result "1-0"]
[WhiteElo "2290"]
[BlackElo "2205"]
[PlyCount "53"]
[EventDate "1998.09.??"]
[EventType "tourn"]
[EventRounds "7"]
[EventCountry "DEN"]
[SourceTitle "EXT 2000"]
[Source "ChessBase"]
[SourceDate "1999.11.16"]

1. e4 c5 2. Nf3 Nc6 3. d4 cxd4 4. Nxd4 e6 5. Be3 Nf6 6. Nc3 Bb4 7. Bd3 d5 8.
Nxc6 bxc6 9. exd5 cxd5 10. O-O O-O 11. Bd4 Re8 12. Re1 Bd6 13. Bb5 Bd7 14. Bxf6
gxf6 15. Bxd7 Qxd7 16. Qg4+ Kh8 17. Nxd5 Bxh2+ 18. Kxh2 Qxd5 19. c4 Qd6+ 20.
Kg1 Rg8 21. Qf3 Qd4 22. b3 Rac8 23. Rad1 Qh4 24. g3 a5 25. Kg2 Qg5 26. Rh1 Qc5
27. Rh4 1-0

[Event "Festuge Mester 1"]
[Site "Aarhus"]
[Date "1998.09.06"]
[Round "4"]
[White "Hoiberg, Nina"]
[Black "Hansen, Bjarne"]
[Result "0-1"]
[WhiteElo "2290"]
[BlackElo "2210"]
[PlyCount "60"]
[EventDate "1998.09.??"]
[EventType "tourn"]
[EventRounds "7"]
[EventCountry "DEN"]
[SourceTitle "EXT 2000"]
[Source "ChessBase"]
[SourceDate "1999.11.16"]

1. e4 Nf6 2. e5 Nd5 3. d4 d6 4. f4 Bf5 5. Nf3 c5 6. Bb5+ Bd7 7. Bc4 Nb6 8.
Bxf7+ Kxf7 9. dxc5 dxc5 10. e6+ Kxe6 11. b4 Na4 12. O-O Kf7 13. Ne5+ Kg8 14.
Qd5+ e6 15. Qxb7 Nb6 16. Rd1 Qc8 17. Qf3 Nc6 18. Nxd7 Nxd7 19. f5 Be7 20. Bb2
Bf6 21. fxe6 Nde5 22. Qd5 Nxb4 23. Qb3 h6 24. Nc3 Kh7 25. Ne4 Nbc6 26. Nxf6+
gxf6 27. Bxe5 Nxe5 28. Qh3 Qg8 29. Rab1 Rb8 30. Qh5 Qxe6 0-1

[Event "Festuge Mester 1"]
[Site "Aarhus"]
[Date "1998.09.03"]
[Round "1"]
[White "Hoiberg, Nina"]
[Black "Matthiesen, Arne"]
[Result "1/2-1/2"]
[WhiteElo "2290"]
[BlackElo "2290"]
[PlyCount "50"]
[EventDate "1998.09.??"]
[EventType "tourn"]
[EventRounds "7"]
[EventCountry "DEN"]
[SourceTitle "EXT 2000"]
[Source "ChessBase"]
[SourceDate "1999.11.16"]

1. e4 e6 2. d4 d5 3. Nc3 Nf6 4. exd5 exd5 5. Bg5 Be7 6. Bd3 Nc6 7. Nge2 Nb4 8.
Ng3 Nxd3+ 9. Qxd3 c6 10. O-O-O Be6 11. f4 O-O 12. f5 Bd7 13. Rde1 Re8 14. Re2
Ne4 15. Bxe7 Qxe7 16. Ncxe4 dxe4 17. Rxe4 Qg5+ 18. Kb1 Rxe4 19. Qxe4 Re8 20.
Qf3 Re3 21. Qf2 h5 22. Nxh5 Bxf5 23. a3 Re7 24. Ng3 Bg6 25. Rf1 Rd7 1/2-1/2

[Event "Festuge Mester 1"]
[Site "Aarhus"]
[Date "1998.09.12"]
[Round "6"]
[White "Hoiberg, Nina"]
[Black "Skytte, Rasmus"]
[Result "1/2-1/2"]
[WhiteElo "2290"]
[BlackElo "2215"]
[PlyCount "40"]
[EventDate "1998.09.??"]
[EventType "tourn"]
[EventRounds "7"]
[EventCountry "DEN"]
[SourceTitle "EXT 2000"]
[Source "ChessBase"]
[SourceDate "1999.11.16"]

1. e4 c5 2. Nc3 Nc6 3. f4 g6 4. Nf3 Bg7 5. Be2 d6 6. O-O Nf6 7. Qe1 Nd4 8. Nxd4
cxd4 9. Nd5 Nxd5 10. exd5 Qa5 11. c4 dxc3 12. dxc3 Qxd5 13. Bf3 Qb5 14. Qf2 O-O
15. Be3 Qa4 16. Rfd1 Re8 17. g3 Qa6 18. a4 Bd7 19. a5 Bb5 20. Bg2 Bc4 1/2-1/2

[Event "Festuge Mester 1"]
[Site "Aarhus"]
[Date "1998.09.13"]
[Round "7"]
[White "Jensen, Vagn"]
[Black "Hoiberg, Nina"]
[Result "1/2-1/2"]
[WhiteElo "2270"]
[BlackElo "2290"]
[PlyCount "82"]
[EventDate "1998.09.??"]
[EventType "tourn"]
[EventRounds "7"]
[EventCountry "DEN"]
[SourceTitle "EXT 2000"]
[Source "ChessBase"]
[SourceDate "1999.11.16"]

1. Nf3 Nc6 2. e4 e5 3. Bb5 Nf6 4. Nc3 d6 5. d4 exd4 6. Nxd4 Bd7 7. Bxc6 bxc6 8.
O-O Be7 9. Bf4 O-O 10. Qd3 Nh5 11. Be3 c5 12. Nb3 Bf6 13. Rad1 Be6 14. Nd5 Bxd5
15. Qxd5 g6 16. Na5 Bxb2 17. Nc4 Bg7 18. e5 dxe5 19. Nxe5 Qxd5 20. Rxd5 Rfe8
21. Nd7 Bd4 22. g4 Nf6 23. Rxd4 cxd4 24. Nxf6+ Kh8 25. Bxd4 Re2 26. g5 Rc8 27.
f4 c5 28. Be5 Rd8 29. c4 Rxa2 30. Rb1 Rc2 31. Nd5+ Kg8 32. Rb7 Rxc4 33. Rxa7
Rc1+ 34. Kg2 Rd1 35. Nf6+ Kf8 36. Nxh7+ Ke8 37. Nf6+ Kf8 38. Kf3 c4 39. Rc7
R1d2 40. Nh7+ Kg8 41. Nf6+ Kf8 1/2-1/2

[Event "Festuge Mester 1"]
[Site "Aarhus"]
[Date "1998.09.11"]
[Round "5"]
[White "Jensen, Vagn"]
[Black "Matthiesen, Arne"]
[Result "1-0"]
[WhiteElo "2270"]
[BlackElo "2290"]
[PlyCount "107"]
[EventDate "1998.09.??"]
[EventType "tourn"]
[EventRounds "7"]
[EventCountry "DEN"]
[SourceTitle "EXT 2000"]
[Source "ChessBase"]
[SourceDate "1999.11.16"]

1. e4 e6 2. d4 d5 3. Nc3 Nf6 4. e5 Nfd7 5. Nf3 c5 6. Bb5 Nc6 7. dxc5 a6 8. Bxc6
bxc6 9. O-O Nxc5 10. Re1 a5 11. Nd4 Qc7 12. Qg4 Rb8 13. a3 g6 14. Rb1 Bg7 15.
Bf4 a4 16. Re3 Bd7 17. Qg3 Kf8 18. b4 axb3 19. cxb3 h6 20. h4 Nb7 21. b4 Ra8
22. Rd1 Qb6 23. Rf3 Ke8 24. Bc1 Qa6 25. b5 Qb6 26. bxc6 Bxc6 27. Nxe6 Rg8 28.
Nxg7+ Rxg7 29. Nxd5 Bxd5 30. Rxd5 Qb1 31. Rc3 Qe4 32. Rd1 g5 33. h5 Rd8 34.
Rxd8+ Nxd8 35. Be3 Nc6 36. Rc5 Qb1+ 37. Kh2 Qe4 38. f3 Qa4 39. e6 fxe6 40. Bf2
Rd7 41. f4 gxf4 42. Qg6+ Ke7 43. Rc1 Rd5 44. Bc5+ Rxc5 45. Rxc5 Kd6 46. Rc3 Ne5
47. Qg7 Qa5 48. Rc8 f3 49. Qf8+ Kd7 50. Qe8+ Kd6 51. Rd8+ Kc5 52. Qe7+ Kc4 53.
Qxe6+ Kc3 54. Rd5 1-0

[Event "Festuge Mester 1"]
[Site "Aarhus"]
[Date "1998.09.04"]
[Round "2"]
[White "Jensen, Vagn"]
[Black "Matthiesen, Martin"]
[Result "0-1"]
[WhiteElo "2270"]
[BlackElo "2275"]
[PlyCount "110"]
[EventDate "1998.09.??"]
[EventType "tourn"]
[EventRounds "7"]
[EventCountry "DEN"]
[SourceTitle "EXT 2000"]
[Source "ChessBase"]
[SourceDate "1999.11.16"]

1. e4 g6 2. d4 Bg7 3. Nc3 d6 4. Be3 Nf6 5. f3 c6 6. a4 O-O 7. Qd2 Nbd7 8. Bd3
e5 9. Nge2 exd4 10. Nxd4 Ne5 11. O-O d5 12. exd5 Nxd3 13. Qxd3 Nxd5 14. Nxd5
Qxd5 15. Rad1 Re8 16. Bf2 Bd7 17. c4 Qg5 18. Rfe1 Rad8 19. Rxe8+ Bxe8 20. Qe2
c5 21. Nb5 Rxd1+ 22. Qxd1 Bxb2 23. h4 Qe7 24. Nxa7 Bf6 25. g3 b6 26. Nc8 Qc7
27. Nd6 Bxa4 28. Qd2 Bc6 29. Qf4 Bg7 30. g4 h6 31. Bg3 Qd7 32. h5 Qe6 33. hxg6
fxg6 34. Kg2 Kh7 35. Nf7 Ba4 36. g5 h5 37. Nd6 Bb3 38. Ne4 Bxc4 39. Nf6+ Bxf6
40. gxf6 Qf7 41. Qd6 Qb7 42. Kf2 g5 43. Qe5 Qd5 44. Qc7+ Kg6 45. f7 Qd2+ 46.
Kg1 Qc1+ 47. Kh2 Qb2+ 48. Kg1 Bxf7 49. Be5 Qc1+ 50. Kf2 Qd2+ 51. Kg1 Qe1+ 52.
Kg2 Qe2+ 53. Kg1 Qxf3 54. Qxb6+ Kf5 55. Qf6+ Kg4 0-1

[Event "Festuge Mester 1"]
[Site "Aarhus"]
[Date "1998.09.04"]
[Round "2"]
[White "Matthiesen, Arne"]
[Black "Hansen, Bjarne"]
[Result "1-0"]
[WhiteElo "2290"]
[BlackElo "2210"]
[PlyCount "83"]
[EventDate "1998.09.??"]
[EventType "tourn"]
[EventRounds "7"]
[EventCountry "DEN"]
[SourceTitle "EXT 2000"]
[Source "ChessBase"]
[SourceDate "1999.11.16"]

1. d4 Nf6 2. Nf3 c5 3. d5 d6 4. Nc3 g6 5. e4 Bg4 6. Be2 Bxf3 7. Bxf3 Nbd7 8.
O-O Bg7 9. Bf4 O-O 10. Qd2 Qa5 11. a4 Nb6 12. Nb1 Qxd2 13. Nxd2 a5 14. c3 Nfd7
15. Bg5 Bf6 16. Be3 Rfc8 17. Bd1 Kg7 18. f4 Kg8 19. Bc2 Re8 20. Bd3 e6 21. dxe6
Rxe6 22. Bb5 Bg7 23. Bf2 Rc8 24. Rfd1 Rc7 25. Bg3 Re7 26. Nf3 Rxe4 27. Rxd6 Bf8
28. Rdd1 f5 29. Bh4 Be7 30. Bxe7 Rxe7 31. Rd6 Nc8 32. Rd2 c4 33. Rad1 Ndb6 34.
Rd8+ Kg7 35. Ne5 Na7 36. Be8 Re6 37. R1d4 Ree7 38. h4 Re6 39. h5 g5 40. g3 g4
41. R4d6 Kf6 42. Bf7 1-0

[Event "Festuge Mester 1"]
[Site "Aarhus"]
[Date "1998.09.13"]
[Round "7"]
[White "Matthiesen, Arne"]
[Black "Rossen, Claus"]
[Result "1/2-1/2"]
[WhiteElo "2290"]
[BlackElo "2170"]
[PlyCount "71"]
[EventDate "1998.09.??"]
[EventType "tourn"]
[EventRounds "7"]
[EventCountry "DEN"]
[SourceTitle "EXT 2000"]
[Source "ChessBase"]
[SourceDate "1999.11.16"]

1. d4 d6 2. e4 Nf6 3. f3 g6 4. c4 Bg7 5. Nc3 c6 6. Bg5 O-O 7. Qd2 a6 8. Nge2 b5
9. Ng3 Nbd7 10. d5 cxd5 11. cxd5 Bb7 12. Be2 Rc8 13. O-O Ne5 14. b3 Qa5 15.
Rac1 Rc7 16. Rc2 b4 17. Na4 Rxc2 18. Qxc2 Qd8 19. Rc1 Ne8 20. Be3 Nd7 21. Bd3
e6 22. dxe6 fxe6 23. Qd2 a5 24. Bb5 Rf7 25. Ne2 d5 26. exd5 Bxd5 27. Nf4 Qb8
28. Ba6 Nc7 29. Nxd5 exd5 30. Bf1 Be5 31. f4 Bg7 32. g3 Nf6 33. Bh3 Re7 34. Bb6
Ne4 35. Qe3 Kf7 36. Re1 1/2-1/2

[Event "Festuge Mester 1"]
[Site "Aarhus"]
[Date "1998.09.06"]
[Round "4"]
[White "Matthiesen, Arne"]
[Black "Skytte, Rasmus"]
[Result "1/2-1/2"]
[WhiteElo "2290"]
[BlackElo "2215"]
[PlyCount "39"]
[EventDate "1998.09.??"]
[EventType "tourn"]
[EventRounds "7"]
[EventCountry "DEN"]
[SourceTitle "EXT 2000"]
[Source "ChessBase"]
[SourceDate "1999.11.16"]

1. d4 d6 2. e4 Nf6 3. f3 d5 4. e5 Ng8 5. c4 e6 6. cxd5 exd5 7. Nc3 Nc6 8. f4
Nh6 9. Be2 Nf5 10. Nf3 h5 11. a3 a5 12. Qd3 Be6 13. O-O Be7 14. b3 Kf8 15. Bb2
Nb8 16. Nd1 g6 17. Rc1 c6 18. g3 Qb6 19. Kg2 Na6 20. Ne3 1/2-1/2

[Event "Festuge Mester 1"]
[Site "Aarhus"]
[Date "1998.09.03"]
[Round "1"]
[White "Matthiesen, Martin"]
[Black "Skytte, Rasmus"]
[Result "0-1"]
[WhiteElo "2275"]
[BlackElo "2215"]
[PlyCount "72"]
[EventDate "1998.09.??"]
[EventType "tourn"]
[EventRounds "7"]
[EventCountry "DEN"]
[SourceTitle "EXT 2000"]
[Source "ChessBase"]
[SourceDate "1999.11.16"]

1. d4 Nf6 2. Nf3 g6 3. c4 c5 4. Nc3 cxd4 5. Nxd4 Bg7 6. e4 d6 7. Be2 Nc6 8. Be3
h5 9. h3 Bd7 10. Nc2 Rc8 11. O-O h4 12. Qd2 Ne5 13. b3 Bc6 14. f4 Ned7 15. Bf3
Nc5 16. Rfe1 Ncxe4 17. Nxe4 Bxe4 18. Qf2 b5 19. Bxa7 Bxf3 20. Qxf3 bxc4 21. b4
O-O 22. Bf2 Nh5 23. Rab1 e6 24. Red1 Ra8 25. a3 d5 26. b5 Bh6 27. Bc5 Bxf4 28.
Bxf8 Qxf8 29. b6 Bd6 30. b7 Rb8 31. Nd4 Bc5 32. Kf1 Qd6 33. Nf5 exf5 34. Rxd5
Ng3+ 35. Ke1 Qe7+ 36. Kd1 Ne4 0-1

[Event "Festuge Mester 1"]
[Site "Aarhus"]
[Date "1998.09.05"]
[Round "3"]
[White "Matthiesen, Martin"]
[Black "Matthiesen, Arne"]
[Result "0-1"]
[WhiteElo "2275"]
[BlackElo "2290"]
[PlyCount "50"]
[EventDate "1998.09.??"]
[EventType "tourn"]
[EventRounds "7"]
[EventCountry "DEN"]
[SourceTitle "EXT 2000"]
[Source "ChessBase"]
[SourceDate "1999.11.16"]

1. e4 d5 2. exd5 Qxd5 3. Nc3 Qa5 4. d4 Nf6 5. Nf3 Bf5 6. Bc4 e6 7. Bd2 c6 8.
Nd5 Qd8 9. Nxf6+ gxf6 10. Bf4 Nd7 11. Qe2 Nb6 12. Bb3 Nd5 13. Bg3 Qa5+ 14. Nd2
h5 15. h3 h4 16. Bh2 Qd8 17. Ne4 Bxe4 18. Qxe4 Bd6 19. Bxd6 Qxd6 20. O-O Nf4
21. Kh1 O-O-O 22. c3 Rdg8 23. Rg1 Rg5 24. Bd1 f5 25. Qc2 f6 0-1

[Event "Festuge Mester 1"]
[Site "Aarhus"]
[Date "1998.09.12"]
[Round "6"]
[White "Rossen, Claus"]
[Black "Jensen, Vagn"]
[Result "1/2-1/2"]
[WhiteElo "2170"]
[BlackElo "2270"]
[PlyCount "100"]
[EventDate "1998.09.??"]
[EventType "tourn"]
[EventRounds "7"]
[EventCountry "DEN"]
[SourceTitle "EXT 2000"]
[Source "ChessBase"]
[SourceDate "1999.11.16"]

1. e4 e5 2. Nf3 Nc6 3. Bb5 f5 4. Nc3 Nd4 5. d3 Nxb5 6. Nxb5 d6 7. O-O c6 8. Nc3
f4 9. d4 Qf6 10. b3 Nh6 11. Ba3 Be7 12. dxe5 dxe5 13. Bxe7 Qxe7 14. Qd3 O-O 15.
Rad1 Nf7 16. a4 Bg4 17. h3 Bxf3 18. Qxf3 Ng5 19. Qd3 f3 20. Qd7 Qc5 21. Rd3
fxg2 22. Kxg2 Rf6 23. Rg3 Ne6 24. Qd1 Rd8 25. Qc1 Qd4 26. Re3 Qd2 27. Ne2 Qxc1
28. Rxc1 Rd2 29. Kf1 Nd4 30. c4 Rb2 31. Rd1 Nxe2 32. Rxe2 Rxb3 33. Rd7 Rg6 34.
Red2 h6 35. Rc7 Rb4 36. Rdd7 Rxa4 37. Rxb7 Rxc4 38. Rxa7 Rxe4 39. Rac7 Rc4 40.
Re7 Rc5 41. Re8+ Kh7 42. Ke2 Rc2+ 43. Ke3 Rc3+ 44. Ke2 Rxh3 45. Rxe5 Rh2 46.
Rf5 h5 47. Rc8 Re6+ 48. Kf1 Kg6 49. Rc5 Rf6 50. Rc2 Rh4 1/2-1/2

[Event "Festuge Mester 1"]
[Site "Aarhus"]
[Date "1998.09.06"]
[Round "4"]
[White "Rossen, Claus"]
[Black "Matthiesen, Martin"]
[Result "0-1"]
[WhiteElo "2170"]
[BlackElo "2275"]
[PlyCount "60"]
[EventDate "1998.09.??"]
[EventType "tourn"]
[EventRounds "7"]
[EventCountry "DEN"]
[SourceTitle "EXT 2000"]
[Source "ChessBase"]
[SourceDate "1999.11.16"]

1. e4 c5 2. Nc3 Nc6 3. f4 g6 4. Nf3 Bg7 5. Bb5 Nd4 6. Nxd4 cxd4 7. Ne2 Nf6 8.
e5 Nd5 9. Bc4 Nb6 10. Bb3 d6 11. Nxd4 dxe5 12. Nf3 exf4 13. d4 Nd5 14. O-O O-O
15. c3 e6 16. Bxd5 Qxd5 17. Bxf4 b5 18. a4 a6 19. axb5 axb5 20. Rxa8 Qxa8 21.
Qe2 Bb7 22. Ne5 Bd5 23. Qf2 Qa7 24. Qh4 f6 25. Nf3 g5 26. Nxg5 fxg5 27. Qxg5
Bc4 28. Re1 Qf7 29. g3 Kh8 30. b3 Bd5 0-1

[Event "Festuge Mester 1"]
[Site "Aarhus"]
[Date "1998.09.04"]
[Round "2"]
[White "Rossen, Claus"]
[Black "Hoiberg, Nina"]
[Result "1/2-1/2"]
[WhiteElo "2170"]
[BlackElo "2290"]
[PlyCount "78"]
[EventDate "1998.09.??"]
[EventType "tourn"]
[EventRounds "7"]
[EventCountry "DEN"]
[SourceTitle "EXT 2000"]
[Source "ChessBase"]
[SourceDate "1999.11.16"]

1. e4 e5 2. Nc3 Nf6 3. g3 c6 4. Bg2 d5 5. d3 Bb4 6. Bd2 O-O 7. Nge2 Be6 8. O-O
d4 9. Nd5 cxd5 10. Bxb4 Re8 11. h3 Qd7 12. Kh2 dxe4 13. dxe4 Na6 14. Ba3 Qc6
15. c3 dxc3 16. Nxc3 Rad8 17. Qc1 b5 18. b3 b4 19. Na4 Bd7 20. Qxc6 Bxc6 21.
Bc1 Bxe4 22. Be3 Rd7 23. Rfd1 Red8 24. Rxd7 Rxd7 25. Rc1 h6 26. Bf1 Bb7 27. Nb2
Ne4 28. Nc4 Rc7 29. Nxe5 Rxc1 30. Bxc1 Nac5 31. Be3 Ne6 32. Bxa7 Nc3 33. Bc4 g5
34. Nd3 Nxa2 35. Bxe6 fxe6 36. Bc5 Bd5 37. Nxb4 Nxb4 38. Bxb4 Bxb3 39. Bc3 Kf7
1/2-1/2

[Event "Festuge Mester 1"]
[Site "Aarhus"]
[Date "1998.09.11"]
[Round "5"]
[White "Skytte, Rasmus"]
[Black "Rossen, Claus"]
[Result "1-0"]
[WhiteElo "2215"]
[BlackElo "2170"]
[PlyCount "131"]
[EventDate "1998.09.??"]
[EventType "tourn"]
[EventRounds "7"]
[EventCountry "DEN"]
[SourceTitle "EXT 2000"]
[Source "ChessBase"]
[SourceDate "1999.11.16"]

1. e4 e5 2. Bc4 Nf6 3. Nc3 Nc6 4. d3 Na5 5. Nge2 Nxc4 6. dxc4 Bc5 7. h3 d6 8.
Qd3 a5 9. b3 O-O 10. g4 c6 11. Bg5 h6 12. Bh4 g5 13. Bg3 Kg7 14. Na4 Nd7 15.
Rd1 f6 16. f3 Qe7 17. Nxc5 dxc5 18. Bf2 a4 19. Nc3 axb3 20. axb3 Rh8 21. Na4 h5
22. O-O Kf7 23. Qd6 Qxd6 24. Rxd6 Ra5 25. Rfd1 Ke7 26. Kg2 hxg4 27. hxg4 Rh7
28. Be1 Ra8 29. Bf2 Ra5 30. R6d2 Ke8 31. Nxc5 Nxc5 32. Bxc5 Be6 33. Bb4 Ra2 34.
Bc5 Rd7 35. Rxd7 Bxd7 36. Rc1 Be6 37. Kf2 b5 38. cxb5 Bxb3 39. bxc6 Be6 40. Bb6
Rb2 41. Bc5 Bb3 42. c7 Kd7 43. Be7 Bxc2 44. c8=Q+ Kxc8 45. Bxf6 Kd7 46. Bxe5
Ra2 47. Kg3 Ke6 48. Bd4 Kf7 49. Re1 Ra4 50. Be3 Kg6 51. Re2 Bd3 52. Rb2 Ra5 53.
Rb6+ Kf7 54. Rb3 Bc2 55. Rb7+ Kg6 56. Rc7 Bd3 57. Rc3 Bb1 58. Bb6 Rb5 59. Bd8
Kh6 60. Bf6 Ba2 61. Rc8 Kg6 62. Rc6 Kf7 63. e5 Bd5 64. Rc7+ Kf8 65. Rc3 Be6 66.
Re3 1-0